Aerolíneas del Aeropuerto Int. El Dorado de Bogotá - Estadísticas

Estadísticas generales
  • Esta prueba ha sido intentada 52 veces
  • La puntuación promedio es 30 de 39
Estadísticas de respuestas
Destino Principal Aerolínea % Correcto
Medellín Avianca
96%
San José Avianca Costa Rica (LACSA)
96%
Guayaquil Avianca Ecuador (AeroGal)
96%
San Salvador Avianca El Salvador (TACA)
96%
Villavicencio Avianca Express
96%
Ciudad de Guatemala Avianca Guatemala (Aviateca)
96%
Santiago de Chile LATAM Chile
96%
Medellín LATAM Colombia
96%
Quito LATAM Ecuador
96%
Lima LATAM Perú
96%
París Air France
94%
Madrid Iberia
94%
Ciudad de México Aeroméxico
92%
Buenos Aires Aerolíneas Argentinas
85%
Toronto Air Canadá
85%
Miami American Airlines
85%
Ciudad de Panamá Copa Airlines
85%
Dubái - (vía Miami) Emirates
85%
Ámsterdam KLM
83%
Frankfurt Lufthansa
83%
Madrid Air Europa
81%
Estambul Turkish Airlines
81%
Houston United Airlines
81%
Atlanta Delta Air Lines
79%
Brasilia Gol Linhas Aéreas
71%
Ciudad de México Viva Aerobús
71%
Santiago de Chile JetSMART
67%
Medellín JetSMART Colombia
67%
Fort Lauderdale Spirit Airlines
67%
Medellín Wingo
67%
Medellín SATENA
63%
Santo Domingo Arajet
56%
Medellín Clic Air
56%
Madrid Plus Ultra Líneas Aéreas
54%
Zúrich Edelweiss Air
44%
Caracas Avior Airlines
42%
Caracas Laser Airlines
40%
Ciudad de México Volaris
38%
Caracas Turpial Airlines
23%
No se encontraron pruebas coincidentes
Distribución de puntuación
Porcentaje de gente con cada puntuación
Porcentaje por número respondido
Historial de tus puntuaciones
No has intentado esta prueba.